|
|
|
|
| LEADER |
03033cam a2200397Ia 4500 |
| 001 |
9780203298817 |
| 003 |
FlBoTFG |
| 005 |
20091230162919.0 |
| 006 |
a|||||s||||||||||| |
| 007 |
cr|||| |
| 008 |
000211s2000 enkab sb 001 0 eng d |
| 020 |
|
|
|a 9780203298817 (e-book : PDF)
|
| 040 |
|
|
|a FlBoTFG
|c FlBoTFG
|d GrThAP
|
| 043 |
|
|
|a po-----
|
| 090 |
|
|
|a GN662
|b .A693 2000
|
| 092 |
|
|
|a 305.800995
|b A669
|
| 245 |
0 |
4 |
|a The archaeology of difference
|h [electronic resource] :
|b negotiating cross-cultural engagements in Oceania /
|c edited by Robin Torrence and Anne Clarke.
|
| 260 |
|
|
|a London ;
|a New York :
|b Routledge,
|c 2000.
|
| 300 |
|
|
|a xviii, 418 p. :
|b ill., maps.
|
| 490 |
1 |
|
|a One world archaeology ;
|v 38
|
| 504 |
|
|
|a Includes bibliographical references and index.
|
| 505 |
0 |
|
|a Negotiating difference: practice makes theory for contemporary archaeology in Oceania / Robin Torrence, Anne Clarke -- 'Round, black and lustrous': a view of encounters with difference in Chuuk Lagoon, Federated States of Micronesia / Paul Rainbird -- Reconstructing 'traditional' Kanak society in New Caledonia: the role of archaeology in the study of European contact / Christophe Sand -- Post-contact landscapes of change in Hauraki, New Zealand / Caroline Phillips -- Just another trader? An archaeological perspective on European barter with Admiralty Islanders, Papua New Guinea / Robin Torrence -- Time, tradition and transformation: the negotiation of cross-cultural engagements on Groote Eylandt, northern Australia / Anne Clark -- Guns or barter? Indigenous exchange networks and the mediation of conflict in post-contact western Arnhem Land / Scott Mitchell -- Signs of life on a barbarous frontier: intercultural encounters in North Australia / Deborah Bird Rose -- 'Barter ... immediately commenced to the satisfaction of both parties': cross-cultural exchange at Port Jackson, 1788-1828 / Isabel McBryde -- The colonial impact? Contact archaeology and indigenous sites in southern New South Wales / Sarah M. Colley -- Keeping the land alive: changing social contexts of landscape and rock art production / Ursula Frederick -- Researching the past: oral history and archaeology at Swan Reach / Steven Hemming, Vivienne Wood, Richard Hunter -- Resistance, creolization or optimal foraging at Killalpaninna mission, South Australia / Judy Birmingham.
|
| 530 |
|
|
|a Also available in print edition.
|b CRC Press (http://www.crcpress.com)
|
| 538 |
|
|
|a Mode of access: World Wide Web.
|
| 650 |
|
0 |
|a Ethnology
|z Oceania.
|
| 650 |
|
0 |
|a Pacific Islanders
|x First contact with Europeans.
|
| 650 |
|
0 |
|a Pacific Islanders
|x Material culture.
|
| 650 |
|
0 |
|a Pacific Islanders
|x Cultural assimilation.
|
| 650 |
|
0 |
|a Ethnoarchaeology
|z Oceania.
|
| 651 |
|
0 |
|a Oceania
|x Antiquities.
|
| 655 |
|
7 |
|a Electronic books.
|2 lcsh
|
| 700 |
1 |
|
|a Torrence, Robin.
|
| 700 |
1 |
|
|a Clarke, Anne,
|d 1959-
|
| 776 |
1 |
|
|z 9780415117661
|
| 830 |
|
0 |
|a One world archaeology ;
|v 38.
|
| 856 |
4 |
0 |
|u http://www.tandfebooks.com/isbn/9780203298817
|z Full Text via HEAL-Link
|